100 Largest US Metros with Hints - Statistics

General Stats
  • This quiz has been taken 34 times
  • The average score is 65 of 100
Answer Stats
Hint Answer State % Correct
___, We Have a Problem Houston Texas
94%
Martin Luther King Jr. Assasination Memphis Tennessee
94%
Timothy McVeigh Oklahoma City Oklahoma
88%
Sun Valley Phoenix Arizona
85%
Supreme Court Washington District of Columbia
85%
Hollywood Los Angeles California
82%
Pablo Escobar Miami Florida
82%
Music City Nashville Tennessee
82%
Empire State Building New York New York
82%
Walt Disney World Orlando Florida
82%
Battle of the Alamo San Antonio Texas
82%
Golden Gate Bridge San Francisco California
82%
Hartsfield–Jackson International Airport Atlanta Georgia
79%
___ Tea Party Boston Massachusetts
79%
Capitol of South Carolina Columbia South Carolina
79%
Ohio State University Columbus Ohio
79%
JFK Assassination Dallas Texas
79%
Mile High City Denver Colorado
79%
Motown Detroit Michigan
79%
___ 500 Indianapolis Indiana
79%
Sin City Las Vegas Nevada
79%
Liberty Bell Philadelphia Pennsylvania
79%
New York's Capitol Albany New York
76%
The Wire Baltimore Maryland
76%
___ Wild Wings Buffalo New York
76%
Cloud Gate/The Bean Chicago Illinois
76%
Iowa State Capitol Des Moines Iowa
76%
___ Jaguars Jacksonville Florida
76%
Bourbon Street New Orleans Louisiana
76%
Keep ___ Weird Portland Oregon
76%
Brown University Providence Rhode Island
76%
Capitol of the Confederacy Richmond Virginia
76%
California State Capitol Sacramento California
76%
The Church of Jesus Christ of Latter-day Saints Salt Lake City Utah
76%
Bill Gates Seattle Washington
76%
___ Race Massacre Tulsa Oklahoma
76%
Louisiana State University Baton Rouge Louisiana
73%
Treasure Valley Boise Idaho
73%
Bank of America Charlotte North Carolina
73%
At Least It's Not Detroit! Cleveland Ohio
73%
Pearl Harbor Honolulu Hawaii
73%
Mexico–United States Border McAllen Texas
73%
___ Bucks Milwaukee Wisconsin
73%
George Floyd Minneapolis Minnesota
73%
Gateway Arch Saint Louis Missouri
73%
___ Bay Buccaneers Tampa Florida
73%
Breaking Bad Albuquerque New Mexico
70%
Vulcan Statue Birmingham Alabama
70%
___ Bengals Cincinnati Ohio
70%
The ___ ___ Nine Little Rock Arkansas
70%
Kentucky Fried Chicken Louisville Kentucky
70%
University of Wisconsin Madison Wisconsin
70%
Warren Buffett Omaha Nebraska
70%
Carnegie Mellon University Pittsburgh Pennsylvania
70%
North Carolina State University Raleigh North Carolina
70%
Silicon Valley San Jose California
70%
University of Arizona Tucson Arizona
70%
Chesapeake Bay Virginia Beach Virginia
70%
Silicon Hills Austin Texas
67%
Pikes Peak Colorado Springs Colorado
67%
Mark Twain Hartford Connecticut
67%
Barbecue Kansas City Missouri
67%
University of Tennessee Knoxville Tennessee
67%
McConnell Air Force Base Wichita Kansas
67%
Duke University Durham North Carolina
64%
Yale University New Haven Connecticut
64%
Inland Empire Riverside California
64%
Also a City in Sicily Syracuse New York
64%
Rainbow Row Charleston South Carolina
61%
Close to Yosemite National Park Fresno California
61%
Pearl River Jackson Mississippi
61%
Brigham Young University Provo Utah
61%
1936 Rubber Strike Akron Ohio
58%
Wright Brothers Dayton Ohio
58%
La Jolla San Diego California
58%
Robert Lee Yates Jr. Spokane Washington
58%
George Bancroft Worcester Massachusetts
58%
Armpit of California Bakersfield California
55%
Barnum Museum Bridgeport Connecticut
55%
Lookout Mountain Chattanooga Tennessee
55%
Hi-Fi Murders Ogden Utah
55%
The North Star Rochester New York
55%
Michigan–Ohio War Toledo Ohio
55%
A Billy Joel Song Allentown Pennsylvania
52%
Fort Eisenhower Augusta Georgia
52%
The Carolina Theater Greensboro North Carolina
52%
Three Mile Island Harrisburg Pennsylvania
52%
University of Arkansas Fayetteville Arkansas
48%
Blue Ridge Mountains Greenville South Carolina
45%
Fort Bliss El Paso Texas
42%
Camel City Winston-Salem North Carolina
42%
Gerald Ford Grand Rapids Michigan
39%
University of the Pacific Stockton California
33%
Waterfront Wonderland Cape Coral Florida
27%
Publix Lakeland Florida
21%
California's Largest Strawberry Producer Oxnard California
21%
Near the Daytona 500 Deltona Florida
18%
Satmar Jews Kiryas Joel New York
18%
Near Venice, FL North Port Florida
12%
William Bryan Cruse Jr. Palm Bay Florida
9%
No matching quizzes found
Score Distribution
Percent of People with Each Score
Percentile by Number Answered
Your Score History
You have not taken this quiz